|
|
|
|
| LEADER |
00000nam a22000007a 4500 |
| 005 |
20120918180818.0 |
| 007 |
cr|||| |||| |
| 008 |
120918s2012 co |||||s|||| 00||0 spa d |
| 020 |
|
|
|a 978-958-8371-83-2
|
| 035 |
|
|
|a 6707
|
| 040 |
|
|
|a vLex
|
| 090 |
|
|
|c 3443
|d 3443
|
| 100 |
1 |
|
|a Chavarro Cadena, Jorge Enrique
|
| 245 |
1 |
0 |
|a Cartilla Impuesto sobre las Ventas IVA 2012
|h [Recurso electrn̤ico] /
|c Jorge Enrique Chavarro Cadena
|
| 256 |
|
|
|a Servico en ln̕ea
|
| 300 |
|
|
|a 1 recurso electrn̤ico
|
| 506 |
1 |
|
|a Contenido solo disponible en los productos indicados
|d vLex Global
|d vLex Global (Academic Edition, excluding Law Schools)
|d vLex Global (U.S. Academic Edition, Law Schools)
|d vLex Global (U.S. Academic Edition, excluding Law Schools)
|d vLex Global (Academic Edition, Law Schools)
|
| 650 |
0 |
4 |
|a impuestos
|z Colombia
|
| 740 |
0 |
|
|a vLex Libros (Servicio en ln̕ea)
|
| 856 |
4 |
0 |
|u http://vlex.com/source/cartilla-impuesto-ventas-iva-2012-6707
|z Aceso restringido
|
| 942 |
|
|
|c BOOK
|
| 999 |
0 |
|
|a Taxation
|